| Tag |
First Indicator |
Second Indicator |
Subfields |
| LEADER |
00000cam a2200000 4500 |
| 001 |
in00000064030 |
| 005 |
20151008051153.0 |
| 008 |
730628s1942 nyu b 00000 eng |
| 010 |
|
|
|a 42011005
|
| 035 |
|
|
|a (OCoLC)00647409
|
| 035 |
|
|
|9 AAG6196AM
|
| 040 |
|
|
|a DLC
|c CSU
|d TXA
|d UtOrBLW
|
| 049 |
|
|
|a TXAM
|c 1 [169440]
|c 2 [419228]
|
| 050 |
0 |
0 |
|a HJ5711
|b .D77
|
| 082 |
0 |
|
|a 336.2/71
|
| 092 |
|
|
|a 336.27
|b D852t
|
| 100 |
1 |
|
|a Due, John F.
|q (John Fitzgerald),
|d 1915-2009.
|
| 245 |
1 |
4 |
|a The theory of incidence of sales taxation /
|c by John F. Due.
|
| 264 |
|
1 |
|a New York :
|b Kings Crown Press,
|c 1942.
|
| 300 |
|
|
|a xii, 257 pages :
|b illustrations ;
|c 27 x 22 cm.
|
| 336 |
|
|
|a text
|b txt
|2 rdacontent
|
| 337 |
|
|
|a unmediated
|b n
|2 rdamedia
|
| 338 |
|
|
|a volume
|b nc
|2 rdacarrier
|
| 500 |
|
|
|a Originally presented as the author's thesis, University of California, 1939.
|
| 504 |
|
|
|a Bibliography: pages [245]-250.
|
| 650 |
|
0 |
|a Sales tax.
|
| 999 |
|
|
|a MARS
|
| 999 |
f |
f |
|s 9636b737-a009-38bf-b0f6-ee02dc078962
|i faf25f44-8ca8-3b55-96f2-e033daa0a557
|t 0
|
| 952 |
f |
f |
|p normal
|a Texas A&M University
|b College Station
|c Sterling C. Evans Library
|d Evans: Library Stacks
|t 0
|e HJ5711 .D77
|h Library of Congress classification
|i unmediated -- volume
|m A14800750181
|
| 998 |
f |
f |
|a HJ5711 .D77
|t 0
|l Evans: Library Stacks
|